YouTube Kacke Adventskalender 2023 - Statistiken

Allgemein
  • Dieses Quiz wurde 6 mal gespielt
  • Das Durchschnittsergebnis liegt bei 19 aus 24
Antwortstatistiken
Türchen Name % Korrekt
07 Edel Rind
100%
03 Ameisenigel
80%
14 Ameisenigel
80%
15 EdeledE RindniR
80%
04 Gigasoos
80%
05 Hunter_96
80%
08 iMaschine
80%
22 Jeezy Frankie
80%
02 Kackefarmer
80%
01 Kotkapitän
80%
09 Piff Paɟf Puɟf
80%
23 Pikminze
80%
19 Polymachaeroplagides
80%
10 Schock TV
80%
20 Schugelkreiber
80%
12 Sheldor
80%
16 Skelamen
80%
11 Stenker
80%
06 Unterste Schublade
80%
18 Wendigockel
80%
21 Wendigockel
80%
13 420 stuusch
60%
17 AshMadeOurEyes
60%
24 Kengelmann 5000
40%
Keine übereinstimmenden Quizze gefunden
Verteilung der Resultate
Anzahl Personen mit jedem Resultat
Perzentil nach korrekt beantworteten Fragen
Ihre Resultats-Entwicklung
Sie haben dieses Quiz noch nicht gespielt